| 000 | 00358 a2200121 4500 | ||
|---|---|---|---|
| 001 | ART_25852 | ||
| 005 | 20260410161602.0 | ||
| 008 | 260409a | ||
| 245 | 1 | 0 | _aContabilidad ambiental |
| 100 | 1 | _aFronti de García, Luisa | |
| 700 | 1 | _aFernández Cuesta, Carmen | |
| 773 | 0 |
_tProfesional & Empresaria _g- Año VI, Nº 67 (abr. 2005) _wREV70 |
|
| 999 |
_c9812 _d9812 |
||